Années de législatives sous la Vème république - Mort Subite - Statistiques

Statistiques générales
  • Ce quiz a été pris 43 fois
    30 depuis la dernière actualisation
  • Le résultat moyen est 7 sur 17
Answers on the Grid
Answers color-coded by a green-red scale on the quiz's grid according to % correct below.
1958
1959
1960
1961
1962
1963
1964
1965
1966
1967
1968
1969
1970
1971
1972
1973
1974
1975
1976
1977
1978
1979
1980
1981
1982
1983
1984
1985
1986
1987
1988
1989
1990
1991
1992
1993
1994
1995
1996
1997
1998
1999
2000
2001
2002
2003
2004
2005
2006
2007
2008
2009
2010
2011
2012
2013
2014
2015
2016
2017
2018
2019
2020
2021
2022
2023
2024
2025
 
Statistiques - réponses
Réponse % Correct
2002
62%
2007
62%
2012
62%
2017
62%
2022
62%
Dissolution
2024
62%
1958
46%
Dissolution
1981
46%
Dissolution
1997
46%
Dissolution
1968
31%
Dissolution
1988
31%
1986
23%
1993
23%
Dissolution
1962
15%
1973
15%
1978
15%
1967
8%
Aucun quiz correspondant
Distribution des résultats
% des personnes avec chaque résultat
Percentile par nombre de réponses
Votre historique - résultats
Vous n’avez pas pris ce quiz depuis la dernière actualisation